Les célébrités les plus méchante - Statistiques

Statistiques générales
  • Ce quiz a été pris 537 fois
  • Le résultat moyen est 3 sur 10
Statistiques - réponses
Top Célébrités % Correct
9 Ariana Grande
72%
3 Justin Bieber
54%
6 Kanye West
32%
5 Mariah Carey
29%
8 Billie Eilish
26%
2 Millie Bobby Brown
22%
7 Kylie Jenner
17%
10 Bradley Cooper
11%
4 Adam Levine
10%
1 Ellen DeGeneres
9%
Aucun quiz correspondant
Distribution des résultats
% des personnes avec chaque résultat
Percentile par nombre de réponses
Votre historique - résultats
Vous n’avez pas pris ce quiz